Korea Observer (ระเบียนเลขที่ 83471)
| 000 -LEADER | |
|---|---|
| fixed length control field | 00405nas a22001817a 4500 |
| 003 - CONTROL NUMBER IDENTIFIER | |
| control field | NALT |
| 005 - DATE AND TIME OF LATEST TRANSACTION | |
| control field | 20210804102806.0 |
| 008 - FIXED-LENGTH DATA ELEMENTS--GENERAL INFORMATION | |
| fixed length control field | 210804b th |||p| |||| 00| 0 tha d |
| 022 ## - INTERNATIONAL STANDARD SERIAL NUMBER | |
| International Standard Serial Number | 00233919 |
| 040 ## - CATALOGING SOURCE | |
| Original cataloging agency | NALT |
| 041 0# - LANGUAGE CODE | |
| Language code of text/sound track or separate title | eng |
| 245 10 - TITLE STATEMENT | |
| Title | Korea Observer |
| 260 3# - PUBLICATION, DISTRIBUTION, ETC. | |
| Name of publisher, distributor, etc. | Dooildesign |
| 310 ## - CURRENT PUBLICATION FREQUENCY | |
| Current publication frequency | รายสะดวก |
| 850 ## - HOLDING INSTITUTION | |
| Holding institution | NALT |
| 942 ## - ADDED ENTRY ELEMENTS (KOHA) | |
| Koha item type | Journal/Magazine |
| 998 ## - STAFF NAME (NALT) | |
| -- | 755 |
| -- | จินตนา เอี่ยมคง |
| Withdrawn status | Lost status | Damaged status | Not for loan | Collection code | Home library | Current library | Date acquired | Serial Enumeration / chronology | Total Checkouts | Barcode | Date last seen | Price effective from | Koha item type |
|---|---|---|---|---|---|---|---|---|---|---|---|---|---|
| Journals & Periodicals collection | National Assembly Library of Thailand | National Assembly Library of Thailand | 09/06/2017 | ปีที่ 35 ฉบับที่ 2 | 2900003786 | 09/06/2017 | 09/06/2017 | Journal/Magazine | |||||
| Journals & Periodicals collection | National Assembly Library of Thailand | National Assembly Library of Thailand | 09/06/2017 | ปีที่ 35 ฉบับที่ 3 | 2900003752 | 09/06/2017 | 09/06/2017 | Journal/Magazine | |||||
| Journals & Periodicals collection | National Assembly Library of Thailand | National Assembly Library of Thailand | 09/06/2017 | ปีที่ 35 ฉบับที่ 4 | 2900003751 | 09/06/2017 | 09/06/2017 | Journal/Magazine |
